01515nab a22002897a 4500999001500000003000400015005001700019008004100036040000700077100003900084245017100123260007300294300001500367500002600382505030400408505008200712650002300794650003000817650003400847650003100881650003300912650003000945650003400975650004601009773015701055942001301212 c5273d5273OSt20250211130953.0190429b xxu||||| |||| 00| 0 spa d cPJ aGuillardoy, Javier Nicolás9632810aInteligencia artificial y seguridad. Análisis de las reglamentaciones 428-2024 y 710-2024 del Ministerio de Seguridad de la Nación /cJavier Nicolás Guillardoy. cCiudad Autónoma de Buenos Aires :aThomson Reuters La Ley, b2025. ap. 141-161 aCita: AR/DOC/68/2025. aSumario: I. Introducción.— II. Ciber patrullaje. Nuevos límites.— III. La Unidad de Inteligencia Artificial aplicada a la Seguridad (UIAAS) y sus funciones.— IV. Posibles derechos afectados.— V. El valor de los datos y la privacidad.— VI. Conclusión final.— VII. Bibliografía.  tSi te interesa el texto completo, solicitalo a koha@justierradelfuego.gov.ar  09343aDERECHO PENAL 09278aDELITOS INFORMATICOS 095817aINTELIGENCIA ARTIFICIAL 094026aFUERZAS DE SEGURIDAD 092724aDERECHO A LA INTIMIDAD 095557aDERECHO A LA IMAGEN 094480aPREVENCIÓN DEL DELITO 095529aACCESO A LA INFORMACIÓN PÚBLICA0 0265893164tRevista de derecho penal y criminología. Nº 1 - Febrero 2025dCiudad Autónoma de Buenos Aires : Thomson Reuters La Ley, 2017-x00347914 2udccANA